| 000 | 00518nam a2200205Ia 4500 | ||
|---|---|---|---|
| 008 | 230125s9999 xx 000 0 und d | ||
| 020 | _a1-25-902683-3 | ||
| 041 | _aeng | ||
| 082 |
_a658 _bWEI/CAN |
||
| 100 |
_aWeihrich H _9109450 |
||
| 245 | _aManagement | ||
| 250 | _a14th ed | ||
| 260 |
_c2013 _bTata McGraw Hill _aNew Delhi |
||
| 300 | _a579p | ||
| 500 | _aGeneral Management | ||
| 650 | _aManagement | ||
| 700 |
_aWeihrich H; Cannice M V & Koontz H _9111049 |
||
| 906 | _b130 | ||
| 999 |
_c87905 _d87905 |
||